| 000 | 00679nam a2200193 u 4500 | ||
|---|---|---|---|
| 005 | 20210223130541.0 | ||
| 008 | 080723s2006 es r 000 0 spa d | ||
| 020 | _a8493316164 | ||
| 035 | _aUPN01000157968 | ||
| 049 | _aI | ||
| 050 | 4 |
_aML410 S2.8 _b02.7 |
|
| 100 | 1 |
_aObiols, Anna, _d1975- _936176 |
|
| 245 | 1 | 0 |
_aRobert Schumann y el caballero del bosque / _cAnna Obiols ; il. de Subi ; tr. Ana Roig. |
| 260 |
_aMadrid : _bBellaterra Música, _cc2006. |
||
| 300 |
_a24 p. : _bil. col. + _e1 disco compacto (Música) ; 4 3/4 plg. |
||
| 440 | 4 | _aLos grandes compositores y los niños | |
| 600 | 1 | 4 |
_aSCHUMANN, ROBERT, _d1810-1856 - _vLITERATURA JUVENIL _917922 |
| 905 | _aInfantil | ||
| 999 |
_c130082 _d130082 |
||